[Event "Andalucia-ch-A/U18"]
[Site "Linares"]
[Date "2025.05.23"]
[Round "2"]
[White "Herrera Mellado, Luis A"]
[Black "Perea Fruet, Federico"]
[Result "1-0"]
[WhiteElo "2055"]
[BlackElo "2159"]
[PlyCount "105"]
[EventDate "2025.05.22"]
[EventType "swiss"]
[EventRounds "7"]
[EventCountry "ESP"]
[SourceTitle "CB22_2025"]
[SourceDate "2025.05.28"]
[SourceVersion "1"]
[SourceVersionDate "2025.05.28"]
[SourceQuality "1"]

1. c4 e6 2. Nc3 d5 3. d4 dxc4 4. Nf3 a6 5. a4 Nc6 6. e4 Na5 7. Be3 Nf6 8. Ne5 Bb4 9. Qc2 0-0 10. Be2 b5 11. 0-0 c6 12. f4 Qb6 13. Bf3 Nb3 14. Rad1 c5 15. d5 Bb7 16. Qf2 Rad8 17. dxe6 fxe6 18. Kh1 Nd4 19. Ne2 Nc2 20. Nc3 Nd4 21. Ne2 Nc6 22. Ng4 Nxg4 23. Bxg4 Na5 24. Ng3 Nb3 25. f5 e5 26. Bg5 Rxd1 27. Bxd1 h6 28. Be7 Rf7 29. f6 Nd2 30. Bh5 Rxf6 31. Bxf6 Nxf1 32. Bf7+ Kxf7 33. Bd8+ Qf6 34. Bxf6 Nxg3+ 35. Qxg3 gxf6 36. Qg4 Bc6 37. Qc8 Bxe4 38. Qxa6 Bd3 39. axb5 e4 40. Qc8 Bd2 41. b6 e3 42. Qd7+ Kg6 43. Qg4+ Kf7 44. Qh5+ Kg7 45. Qxc5 e2 46. Qe7+ Kg6 47. b7 Bf4 48. Kg1 Be5 49. Kf2 Bxb2 50. b8Q Bd4+ 51. Kf3 Be5 52. Qg8+ Kh5 53. Qg4# 1-0

[Event "Seville op 50th"]
[Site "Seville"]
[Date "2025.01.11"]
[Round "2"]
[White "Song, Yuxin"]
[Black "Herrera Mellado, Luis A"]
[Result "1-0"]
[WhiteElo "2384"]
[BlackElo "1994"]
[PlyCount "123"]
[EventDate "2025.01.10"]
[EventType "swiss"]
[EventRounds "9"]
[EventCountry "ESP"]
[SourceTitle "CB04_2025"]
[SourceDate "2025.01.22"]
[SourceVersion "1"]
[SourceVersionDate "2025.01.22"]
[SourceQuality "1"]

1. e4 c5 2. Nf3 Nc6 3. Bb5 g6 4. Bxc6 bxc6 5. d4 Bg7 6. dxc5 Qa5+ 7. Bd2 Qxc5 8. Bc3 Bxc3+ 9. Nxc3 Nf6 10. 0-0 d6 11. Re1 Bg4 12. h3 Bxf3 13. Qxf3 0-0 14. Rad1 Nd7 15. Qg3 Rfe8 16. Kh2 e5 17. Rd2 Rad8 18. Red1 Nb6 19. b3 Re6 20. a4 a5 21. Na2 Rde8 22. Nc1 d5 23. Nd3 Qc3 24. f3 d4 25. Rf2 Nd7 26. f4 exf4 27. Qxf4 Rf6 28. Qc7 Rxf2 29. Qxd7 Rxg2+ 30. Kxg2 Qxc2+ 31. Nf2 Rxe4 32. Qd8+ Kg7 33. Rxd4 Re2 34. Rf4 Qxb3 35. Qf6+ Kg8 36. Rd4 Re8 37. Qxc6 Qe3 38. Qf6 h5 39. Rd8 Qe1 40. Rd7 Qe6 41. Qxe6 Rxe6 42. Rd5 Ra6 43. Ne4 f5 44. Ng5 Kg7 45. h4 Kf6 46. Kg3 Ra7 47. Kf4 Kg7 48. Nf3 Ra6 49. Kg5 Kf7 50. Rd7+ Ke6 51. Rg7 Kd5 52. Rxg6 Ra8 53. Kxh5 Kc4 54. Rb6 Kd3 55. Kg5 Ke4 56. Nd2+ Kd3 57. Rd6+ Kc3 58. h5 Rf8 59. h6 f4 60. Nf3 Kb4 61. Rd4+ Kb3 62. h7 1-0

[Event "Cadiz la Sal op 25th"]
[Site "San Fernando"]
[Date "2012.07.15"]
[Round "3"]
[White "Garrido Dominguez, Jesus"]
[Black "Herrera Mellado, Luis A"]
[Result "1-0"]
[WhiteElo "2380"]
[BlackElo "2031"]
[PlyCount "137"]
[EventDate "2012.07.14"]
[EventType "swiss"]
[EventRounds "7"]
[EventCountry "ESP"]
[SourceTitle "EXT 2024"]
[Source "ChessBase"]
[SourceDate "2023.10.10"]
[SourceVersion "1"]
[SourceVersionDate "2023.10.10"]
[SourceQuality "1"]

1. e4 d6 2. d4 Nf6 3. Nc3 g6 4. h3 Bg7 5. Nf3 0-0 6. Be3 c6 7. a4 a5 8. Be2 Na6 9. 0-0 Qc7 10. Nd2 d5 11. e5 Ne8 12. f4 f6 13. Bf3 Be6 14. Ne2 Qd7 15. c3 Nec7 16. g4 f5 17. Ng3 fxg4 18. hxg4 Bh6 19. g5 Bg7 20. Rf2 Rf7 21. Rh2 c5 22. dxc5 d4 23. cxd4 Rxf4 24. Bxb7 Raf8 25. Bxf4 Rxf4 26. Nde4 Nb4 27. Rf2 Rh4 28. Qe2 Bd5 29. Bxd5+ Qxd5 30. Qf3 Nc6 31. Rd1 h6 32. gxh6 Bxh6 33. Kg2 Rf4 34. Qd3 Ne6 35. Kf1 Ncxd4 36. Nc3 Qxe5 37. Qxg6+ Bg7 38. Nce4 Rxf2+ 39. Nxf2 Qxc5 40. Qe4 Qg5 41. Ne2 Qf6 42. Nxd4 Nxd4 43. Rd3 e5 44. Kg2 Ne6 45. Nh3 Nd4 46. Nf2 Ne6 47. Qa8+ Bf8 48. Rg3+ Kf7 49. Kf1 Qh4 50. Rg4 Qh6 51. Qf3+ Nf4 52. Qe4 Bd6 53. Qf5+ Ke7 54. Qg5+ Qxg5 55. Rxg5 Kf6 56. Rg8 Bb4 57. Re8 Ne6 58. Nd3 Bd6 59. Ra8 e4 60. Nf2 Bb4 61. Nxe4+ Ke5 62. Nf2 Nc5 63. Ke2 Kd5 64. Nd3 Kc4 65. Nxc5 Kxc5 66. Kd3 Kd5 67. Rb8 Kc5 68. Rb5+ Kc6 69. Rxb4 1-0

[Event "Malaga op 14th"]
[Site "Malaga"]
[Date "2011.05.01"]
[Round "3"]
[White "Garrido Dominguez, Jesus"]
[Black "Herrera Mellado, Luis A"]
[Result "1-0"]
[WhiteElo "2417"]
[BlackElo "2053"]
[PlyCount "42"]
[EventDate "2011.04.29"]
[EventType "swiss"]
[EventRounds "7"]
[EventCountry "ESP"]
[SourceTitle "CBM 142 Extra"]
[Source "ChessBase"]
[SourceDate "2011.06.27"]
[SourceVersion "1"]
[SourceVersionDate "2011.06.27"]
[SourceQuality "1"]

1. e4 d6 2. d4 Nf6 3. Nc3 g6 4. Nf3 Bg7 5. h3 0-0 6. Be3 c6 7. a4 a5 8. Bd3 Na6 9. 0-0 Nb4 10. Re1 Qc7 11. Bf1 e5 12. dxe5 dxe5 13. Nd2 Be6 14. Bc4 Rfe8 15. Rc1 h6 16. Bxe6 Rxe6 17. Nc4 Nd7 18. Qd2 Kh7 19. Red1 Nf8 20. Bb6 Qe7 21. Nxa5 Nd7 1-0

[Event "Cadiz op 17th"]
[Site "Cadiz"]
[Date "2010.07.07"]
[Round "4.7"]
[White "Herrera Mellado, Luis A"]
[Black "Gomez Zambrana, Pedro Alfonso"]
[Result "1-0"]
[WhiteElo "2047"]
[BlackElo "1933"]
[PlyCount "79"]
[EventDate "2010.07.05"]
[EventType "swiss"]
[EventRounds "7"]
[EventCountry "ESP"]
[SourceTitle "EXT 2024"]
[Source "ChessBase"]
[SourceDate "2023.10.10"]
[SourceVersion "1"]
[SourceVersionDate "2023.10.10"]
[SourceQuality "1"]

1. d4 Nf6 2. Nf3 b6 3. g3 Bb7 4. Bg2 e6 5. 0-0 Be7 6. c4 c5 7. d5 exd5 8. Nh4 g6 9. cxd5 d6 10. Nc3 Na6 11. e4 Nd7 12. Nf3 0-0 13. Bf4 g5 14. Be3 Bf6 15. Nxg5 Bxg5 16. Qg4 h6 17. f4 f5 18. exf5 Nf6 19. Qf3 Bh4 20. Kh1 Nc7 21. Rad1 b5 22. a3 a5 23. gxh4 b4 24. axb4 axb4 25. Ne4 Kh7 26. Ng5+ hxg5 27. hxg5 Bxd5 28. Rxd5 Ncxd5 29. Qh3+ Kg8 30. gxf6 Nxf6 31. Rg1 Kf7 32. Bxc5 Rh8 33. Qb3+ d5 34. Bd4 Ra5 35. Qxb4 Ra8 36. Qb7+ Qe7 37. Bxd5+ Nxd5 38. Qxd5+ Kf8 39. Qxa8+ Kf7 40. Rg7# 1-0

[Event "Llobregat op 2nd"]
[Site "Llobregat"]
[Date "2009.12.29"]
[Round "3"]
[White "Herrera Mellado, Luis A"]
[Black "Exposito Amaro, Josue"]
[Result "0-1"]
[WhiteElo "2106"]
[BlackElo "2231"]
[PlyCount "80"]
[EventDate "2009.12.27"]
[EventType "swiss"]
[EventRounds "7"]
[EventCountry "ESP"]
[SourceTitle "CBM 134 Extra"]
[Source "ChessBase"]
[SourceDate "2010.03.03"]
[SourceVersion "1"]
[SourceVersionDate "2010.03.03"]
[SourceQuality "1"]

1. d4 Nf6 2. c4 g6 3. Nc3 d5 4. cxd5 Nxd5 5. Na4 Nb6 6. Nf3 Bg7 7. Bf4 0-0 8. e3 N8d7 9. Nc3 c5 10. Be2 cxd4 11. exd4 Nf6 12. 0-0 Be6 13. Qd2 Nbd5 14. Nxd5 Bxd5 15. Rfc1 Qb6 16. b3 Ne4 17. Qe3 Rfe8 18. Bc4 Nf6 19. Ne5 Rad8 20. Rd1 Nh5 21. Bg3 Bf6 22. Rac1 Ng7 23. Bd3 Ne6 24. Bb1 Bg5 25. f4 Bh6 26. Rd3 Rc8 27. Rf1 f5 28. Be1 Be4 29. Nc4 Rxc4 30. bxc4 Qxb1 31. Rd2 Nxf4 32. Bh4 Qb4 33. Rxf4 Qxc4 34. Bg3 Qc1+ 35. Kf2 Rd8 36. Qe1 Qc3 37. Qe3 Qc6 38. Kf1 e5 39. d5 Qc1+ 40. Kf2 Rxd5 0-1

[Event "Hospitalet op"]
[Site "Hospitalet"]
[Date "2008.12.29"]
[Round "3"]
[White "Garcia Riera, Josep"]
[Black "Herrera Mellado, Luis A"]
[Result "1-0"]
[WhiteElo "2042"]
[BlackElo "2129"]
[PlyCount "47"]
[EventDate "2008.12.27"]
[EventType "swiss"]
[EventRounds "9"]
[EventCountry "ESP"]
[SourceTitle "CBM 128 Extra"]
[Source "ChessBase"]
[SourceDate "2009.03.05"]
[SourceVersion "2"]
[SourceVersionDate "2009.03.25"]
[SourceQuality "1"]

1. d4 Nf6 2. c4 e6 3. Nf3 Bb4+ 4. Bd2 Qe7 5. e3 0-0 6. Bd3 d5 7. Nc3 b6 8. a3 Bxc3 9. Bxc3 Bb7 10. 0-0 c5 11. Rc1 Nbd7 12. Qe2 Rfd8 13. Rfd1 cxd4 14. Bb4 Qe8 15. exd4 Rdc8 16. Ne5 a6 17. Bd2 h6 18. Rc3 Nxe5 19. dxe5 d4 20. exf6 dxc3 21. Bxc3 g6 22. Qe3 Qc6 23. f3 e5 24. Be4 1-0

[Event "Llobregat op 1st"]
[Site "Llobregat"]
[Date "2008.01.05"]
[Round "9"]
[White "Herrera Mellado, Luis A"]
[Black "Gonzalez Garcia, Sergi"]
[Result "1-0"]
[WhiteElo "2072"]
[BlackElo "1911"]
[PlyCount "105"]
[EventDate "2007.12.26"]
[EventType "swiss"]
[EventRounds "9"]
[EventCountry "ESP"]
[SourceTitle "CBM 122 Extra"]
[Source "ChessBase"]
[SourceDate "2008.03.04"]
[SourceVersion "1"]
[SourceVersionDate "2008.03.04"]
[SourceQuality "1"]

1. e4 e5 2. Nf3 Nc6 3. Bb5 a6 4. Ba4 Nf6 5. Qe2 b5 6. Bb3 Bd6 7. c3 Na5 8. Bc2 c5 9. d3 Qe7 10. Nbd2 Bc7 11. Nf1 d5 12. Bg5 dxe4 13. dxe4 Be6 14. b3 0-0 15. Ng3 Bg4 16. h3 Bxf3 17. Qxf3 Bd8 18. Rd1 Qe6 19. Nf5 Nb7 20. 0-0 Rc8 21. Bh6 Ne8 22. Qg4 Bf6 23. Rd7 Qxd7 24. Bxg7 Qxf5 25. Qxf5 Nbd6 26. Qg4 Bxg7 27. f4 Nf6 28. Qf3 Rfe8 29. f5 Re7 30. g4 Bh6 31. Rd1 Nfe8 32. h4 f6 33. Kh1 Rg7 34. Rg1 Nf7 35. Qd3 Rd8 36. Qf3 Rd2 37. Rg2 Rxg2 38. Kxg2 Bf4 39. Bd1 h5 40. Qf2 hxg4 41. Qxc5 Ned6 42. Qd5 Kh7 43. c4 Ne8 44. cxb5 Nc7 45. Qc6 Nxb5 46. Qxa6 Nfd6 47. a4 Ra7 48. Qb6 Rb7 49. Qd8 Nd4 50. Qxd6 Nxb3 51. Bxb3 Rxb3 52. Qe7+ Kh6 53. Qxf6+ 1-0

[Event "Llobregat op 1st"]
[Site "Llobregat"]
[Date "2008.01.04"]
[Round "8"]
[White "Shatko, Danil"]
[Black "Herrera Mellado, Luis A"]
[Result "0-1"]
[WhiteElo "1723"]
[BlackElo "2072"]
[PlyCount "70"]
[EventDate "2007.12.26"]
[EventType "swiss"]
[EventRounds "9"]
[EventCountry "ESP"]
[SourceTitle "CBM 122 Extra"]
[Source "ChessBase"]
[SourceDate "2008.03.04"]
[SourceVersion "1"]
[SourceVersionDate "2008.03.04"]
[SourceQuality "1"]

1. d4 Nf6 2. c4 e6 3. Nc3 Bb4 4. a3 Bxc3+ 5. bxc3 b6 6. Bg5 Bb7 7. e3 h6 8. Bh4 0-0 9. Nf3 d6 10. Bd3 Nbd7 11. 0-0 Re8 12. Nd2 c5 13. f4 d5 14. Qe2 Qc7 15. Bg3 Qc8 16. Rae1 Qc6 17. Bh4 a6 18. Nf3 dxc4 19. Bxc4 Ne4 20. Rc1 Rac8 21. Ne5 Nxe5 22. fxe5 cxd4 23. cxd4 b5 24. Bd3 Qxc1 25. Rxc1 Rxc1+ 26. Be1 Rec8 27. h3 R8c3 28. Bxe4 Bxe4 29. Kh2 R3c2 30. Bd2 Ra1 31. Qg4 Bf5 32. Qf3 Rxd2 33. e4 Bg6 34. h4 Raa2 35. Kh3 Rxg2 0-1

[Event "Llobregat op 1st"]
[Site "Llobregat"]
[Date "2007.12.30"]
[Round "5"]
[White "Burgos Figueroa, Carlos Ernesto"]
[Black "Herrera Mellado, Luis A"]
[Result "1-0"]
[WhiteElo "2246"]
[BlackElo "2072"]
[PlyCount "97"]
[EventDate "2007.12.26"]
[EventType "swiss"]
[EventRounds "9"]
[EventCountry "ESP"]
[SourceTitle "CBM 122 Extra"]
[Source "ChessBase"]
[SourceDate "2008.03.04"]
[SourceVersion "1"]
[SourceVersionDate "2008.03.04"]
[SourceQuality "1"]

1. e4 d6 2. c4 c5 3. Nc3 Nc6 4. g3 g6 5. Bg2 Bg7 6. Nge2 e6 7. 0-0 Nge7 8. d3 0-0 9. Be3 Nd4 10. Qd2 Nec6 11. Bh6 Rb8 12. Bxg7 Kxg7 13. Nxd4 Nxd4 14. Rae1 e5 15. f4 f6 16. Rf2 Be6 17. h3 Qd7 18. Kh2 b5 19. b3 b4 20. Nd1 a5 21. Nb2 Qe7 22. Ref1 Bd7 23. h4 Ra8 24. Qd1 Bc6 25. Bh3 Qa7 26. h5 Qe7 27. Qg4 a4 28. bxa4 Bxa4 29. Nxa4 Rxa4 30. Qh4 Ra3 31. fxe5 dxe5 32. h6+ Kg8 33. Rxf6 Rxa2+ 34. Bg2 Rxf6 35. Rxf6 Ra7 36. Rb6 Qxh4+ 37. gxh4 b3 38. Bh3 Kf7 39. Bg4 Ra2+ 40. Kh3 Rd2 41. Rb7+ Kf6 42. Rb6+ Kf7 43. Rb7+ Kg8 44. h5 Rxd3+ 45. Kh4 b2 46. Rxb2 Nb3 47. Be6+ Kf8 48. Rf2+ Ke7 49. hxg6 1-0

[Event "Campillos op 10th"]
[Site "Campillos"]
[Date "2007.03.02"]
[Round "8.14"]
[White "Herrera Mellado, Luis A"]
[Black "Cruz Ravina, Francisco Javier"]
[Result "0-1"]
[WhiteElo "2140"]
[BlackElo "2285"]
[PlyCount "42"]
[EventDate "2007.02.24"]
[EventType "swiss"]
[EventRounds "9"]
[EventCountry "ESP"]
[SourceTitle "CBM 117 Extra"]
[Source "ChessBase"]
[SourceDate "2007.05.09"]
[SourceVersion "1"]
[SourceVersionDate "2007.05.09"]
[SourceQuality "1"]

1. e4 d5 2. exd5 Nf6 3. d4 Nxd5 4. c4 Nb4 5. Qa4+ N8c6 6. a3 Na6 7. Be3 Bd7 8. Qc2 e5 9. Nf3 exd4 10. Nxd4 Nxd4 11. Bxd4 Nc5 12. Nc3 Bg4 13. Nd5 c6 14. Bxc5 Bxc5 15. Qe4+ Be6 16. Nf4 Qa5+ 17. Ke2 0-0-0 18. Kf3 Rhe8 19. Qc2 Rd2 20. b4 Qd8 21. Rd1 Qg5 0-1

[Event "Seville op 30th"]
[Site "Seville"]
[Date "2005.01.10"]
[Round "4"]
[White "Pogorelov, Ruslan"]
[Black "Herrera Mellado, Luis A"]
[Result "1-0"]
[WhiteElo "2439"]
[BlackElo "2140"]
[PlyCount "89"]
[EventDate "2005.01.07"]
[EventType "swiss"]
[EventRounds "9"]
[EventCountry "ESP"]
[SourceTitle "CBM 104 Extra"]
[Source "ChessBase"]
[SourceDate "2005.03.01"]
[SourceVersion "1"]
[SourceVersionDate "2005.03.01"]
[SourceQuality "1"]

1. Nf3 f5 2. b3 Nf6 3. Bb2 e6 4. g3 Be7 5. Bg2 0-0 6. 0-0 d6 7. d4 c6 8. Ne1 Bd7 9. Nd2 Qc7 10. Nd3 a5 11. a3 Na6 12. e4 d5 13. exf5 exf5 14. Nf3 Qd8 15. Nfe5 Nc7 16. a4 Re8 17. Re1 Bf8 18. Re2 g6 19. Qe1 Ne6 20. Nxd7 Qxd7 21. Ne5 Qc8 22. Rc1 Bh6 23. Rd1 Bg7 24. c4 Ne4 25. f3 Nf6 26. Bc3 b6 27. Rc1 c5 28. cxd5 Nxd5 29. Bb2 Ra7 30. f4 Nb4 31. d5 Bxe5 32. Rxe5 Ng7 33. Rd1 Rd8 34. d6 Rdd7 35. Bf1 h6 36. Bb5 Nc6 37. Re2 Kh7 38. Bxc6 Qxc6 39. Re7 Rxe7 40. dxe7 Qe8 41. Bf6 Nh5 42. Bh4 g5 43. fxg5 hxg5 44. Bxg5 Kg6 45. Rd8 1-0

[Event "San Fernando op 18th"]
[Site "San Fernando"]
[Date "2004.07.21"]
[Round "5"]
[White "Herrera Mellado, Luis A"]
[Black "Saiz Santos, Jorge"]
[Result "1-0"]
[WhiteElo "2151"]
[BlackElo "1898"]
[PlyCount "61"]
[EventDate "2004.07.18"]
[EventType "swiss"]
[EventRounds "8"]
[EventCountry "ESP"]
[SourceTitle "CBM 101 Extra"]
[Source "ChessBase"]
[SourceDate "2004.09.01"]
[SourceVersion "2"]
[SourceVersionDate "2004.09.01"]
[SourceQuality "1"]

1. e4 c6 2. d4 d5 3. exd5 cxd5 4. c4 Nf6 5. Nc3 e6 6. Nf3 Nc6 7. Bg5 Be7 8. Bd3 Nb4 9. c5 Nxd3+ 10. Qxd3 0-0 11. 0-0 Bd7 12. b4 Ng4 13. Bf4 f5 14. Ne5 Nxe5 15. Bxe5 Bf6 16. Rfe1 Bxe5 17. Rxe5 Rf6 18. Rae1 Rh6 19. Ne2 Qh4 20. Qg3 Re8 21. Qxh4 Rxh4 22. f3 Kf7 23. g3 Rh6 24. Kg2 a5 25. Rb1 axb4 26. Rxb4 Bc6 27. Nc3 Ra8 28. Re2 Kf8 29. Nb5 e5 30. dxe5 Re6 31. Nc7 1-0

[Event "San Fernando op 16th"]
[Site "Cadiz"]
[Date "2002.07.25"]
[Round "3"]
[White "Campos Gambuti, Luis Maria"]
[Black "Herrera Mellado, Luis A"]
[Result "1-0"]
[WhiteElo "2439"]
[BlackElo "2154"]
[PlyCount "61"]
[EventDate "2002.07.24"]
[EventType "swiss"]
[EventRounds "7"]
[EventCountry "ESP"]
[SourceTitle "CBM 089 Extra"]
[Source "ChessBase"]
[SourceDate "2002.09.10"]
[SourceVersion "2"]
[SourceVersionDate "2002.09.10"]
[SourceQuality "1"]

1. d4 f5 2. Nc3 Nf6 3. Bg5 d5 4. Bxf6 exf6 5. e3 c6 6. Bd3 Bd6 7. Qf3 g6 8. h3 Be6 9. g4 fxg4 10. hxg4 0-0 11. Qh3 Qd7 12. f3 Qg7 13. 0-0-0 Nd7 14. Nge2 b5 15. Ng3 Bxg3 16. Qxg3 Rfc8 17. Ne2 Nf8 18. Kb1 a5 19. Nf4 Bf7 20. Rd2 Be8 21. e4 Qb7 22. Rdh2 Ra7 23. g5 fxg5 24. Qxg5 dxe4 25. fxe4 Qe7 26. Qg3 Ne6 27. Qg4 Bd7 28. Rxh7 Nxf4 29. Rh8+ Kf7 30. R1h7+ Kf6 31. Qxf4+ 1-0